[Event "5th Cesme Open 2017"]
[Site "Cesme TUR"]
[Date "2017.06.13"]
[Round "3.15"]
[White "Khamrakulov,D"]
[Black "Bilyap,E"]
[Result "1-0"]
[WhiteElo "2478"]
[BlackElo "2017"]

1.e4 d6 2.d4 Nf6 3.Nc3 c6 4.f4 Qa5 5.Qd3 e5 6.Nf3 exd4 7.Nxd4 Be7 8.Bd2 Qc7
9.O-O-O Nbd7 10.h3 b5 11.Re1 b4 12.Nb1 a5 13.e5 dxe5 14.fxe5 Nc5 15.Qf3 Nd5
16.Bc4 O-O 17.Rhf1 Be6 18.Nf5 Nb6 19.Be2 Bxf5 20.Qxf5 Qd7 21.Qxd7 Ncxd7 22.Bf3
Rac8 23.Bg4 Rc7 24.e6 fxe6 25.Bxe6+ Kh8 26.Rxf8+ Nxf8 27.Bf4 Rb7 28.Nd2 Nxe6
29.Rxe6 h6 30.Nb3 Nd5 31.Bd2 a4 32.Na5 Rb5 33.Nxc6 Bf6 34.Re8+ Kh7 35.Rb8 Rxb8
36.Nxb8 a3 37.bxa3 bxa3 38.c4 Nc7 39.Kc2 Kg6 40.Kb3 Kf5 41.Kxa3 Ke4 42.Nd7 Bd4
43.Ka4 Kd3 44.Ba5 Ne6 45.Kb5 Ke2 46.c5 Kf2 47.c6 Kxg2 48.Nf8 Nd8 {#r} 1-0

[Event "5th Cesme Open 2017"]
[Site "Cesme TUR"]
[Date "2017.06.14"]
[Round "4.2"]
[White "Sumets,A"]
[Black "Maghalashvili,Da"]
[Result "1-0"]
[WhiteElo "2560"]
[BlackElo "2490"]

1.d4 d5 2.c4 e6 3.Nf3 Nf6 4.g3 Be7 5.Bg2 O-O 6.Qc2 c5 7.O-O cxd4 8.Nxd4 Nc6
9.Nxc6 bxc6 10.b3 a5 11.Nc3 Ba6 12.Rd1 Qc8 13.Na4 Nd7 14.Bd2 dxc4 15.Bxa5 Bb5
16.Bc3 cxb3 17.axb3 Qc7 18.Bd4 Bf6 19.Bxf6 Nxf6 20.Nc3 Rxa1 21.Rxa1 Qb6 22.e3
Rd8 23.Nxb5 cxb5 24.b4 Qd6 25.Rb1 Qd2 26.Qxd2 Rxd2 27.Bc6 Kf8 28.Bxb5 Ne4
29.Bf1 Nxf2 30.b5 Ng4 31.b6 Ne5 32.Bg2 Nd7 33.b7 Nb8 34.Rc1 Ke7 35.Rc8 Rd8
36.Bf1 g5 37.e4 f5 38.e5 h5 39.Kf2 {#r} 1-0

[Event "5th Cesme Open 2017"]
[Site "Cesme TUR"]
[Date "2017.06.14"]
[Round "4.5"]
[White "Baklan,V"]
[Black "Rahmanov,S"]
[Result "1-0"]
[WhiteElo "2604"]
[BlackElo "2353"]

1.e4 d5 2.exd5 Nf6 3.Bb5+ Bd7 4.Be2 Nxd5 5.d4 g6 6.c4 Nf6 7.Nc3 Bg7 8.h3 O-O
9.Be3 c5 10.d5 Qa5 11.Qd2 Na6 12.Nf3 e6 13.O-O exd5 14.cxd5 Rfe8 15.Rfd1 Rac8
16.Bf1 c4 17.Bd4 b5 18.a4 b4 19.Nb5 Bxb5 20.axb5 Qxb5 21.b3 Ne4 22.Qf4 Qb7
23.Bxg7 Kxg7 24.d6 Nac5 25.Bxc4 Nf6 26.Ne5 Ne6 27.Qe3 Ra8 28.d7 Red8 29.Nxf7
Rxd7 30.Rxd7 Qxd7 31.Qxe6 Qd4 32.Qe5 {#r} 1-0

[Event "5th Cesme Open 2017"]
[Site "Cesme TUR"]
[Date "2017.06.14"]
[Round "4.6"]
[White "Benidze,D"]
[Black "Bashirli,Nail"]
[Result "0-1"]
[WhiteElo "2525"]
[BlackElo "2345"]

1.Nf3 d5 2.g3 Nf6 3.Bg2 c6 4.O-O Bg4 5.d3 Nbd7 6.Nbd2 e5 7.h3 Bh5 8.e4 dxe4
9.dxe4 Bc5 10.Qe1 O-O 11.Nc4 Re8 12.a4 b5 13.Na5 Qc7 14.Nh4 Nb6 15.b3 Rad8
16.Bg5 Bg6 17.Kh1 Re6 18.Nf5 h6 19.Be3 Bxe3 20.Qxe3 Nbd5 21.Qe1 Bxf5 22.exf5
Ree8 23.c4 bxc4 24.bxc4 Ne7 25.Rb1 Nxf5 26.Bxc6 e4 27.Bxe8 Rxe8 28.Rb7 Qc8
29.g4 Nd4 30.Qe3 Nf3 31.Qf4 Ng5 32.Kg2 Ne6 33.Qd6 Ng5 34.Rfb1 Nxh3 35.Qg3 Ng5
36.Rb8 Qd7 37.Rxe8+ Nxe8 38.Rb8 e3 39.Qxe3 Qxg4+ 40.Kf1 Qd1+ 41.Kg2 Qg4+
42.Qg3 Qe4+ 43.Kf1 Kh7 44.Qe3 Qh1+ 45.Ke2 Nd6 46.Qd3+ Nde4 47.Re8 f5 48.Qe3
{#R} 0-1

[Event "5th Cesme Open 2017"]
[Site "Cesme TUR"]
[Date "2017.06.14"]
[Round "4.7"]
[White "Shanava,K"]
[Black "Grigoriev,A"]
[Result "1-0"]
[WhiteElo "2516"]
[BlackElo "2105"]

1.e4 e5 2.Nc3 Nc6 3.Bc4 Nf6 4.d3 d6 5.f4 Be7 6.Nf3 O-O 7.f5 Nd4 8.O-O c6
9.Nxd4 exd4 10.Ne2 b5 11.Bb3 c5 12.a4 bxa4 13.Bxa4 Bb7 14.Nf4 Kh8 15.Rf3 Rg8
16.Bb3 c4 17.Bxc4 d5 18.exd5 Bd6 19.Rh3 Bc8 20.g4 Bxf4 21.Bxf4 Nxd5 22.Bd2 Re8
23.Qf3 Re5 24.Rf1 Rb8 25.Qg3 Qd6 26.Qh4 h6 27.f6 h5 28.Bg5 Rxg5 29.Qxg5 Nxf6
30.Rxf6 Qxf6 31.Qxh5+ Qh6 32.Qxf7 {#r} 1-0

[Event "5th Cesme Open 2017"]
[Site "Cesme TUR"]
[Date "2017.06.14"]
[Round "4.10"]
[White "Ozen,Bahadir"]
[Black "Gleizerov,E"]
[Result "0-1"]
[WhiteElo "2332"]
[BlackElo "2507"]

1.g3 e5 2.Bg2 d5 3.d3 g6 4.Nf3 Bg7 5.O-O Ne7 6.e4 O-O 7.Nbd2 c5 8.c3 Nbc6 9.a3
d4 10.cxd4 cxd4 11.b4 b6 12.Bb2 a6 13.Rc1 Bd7 14.Ne1 Nc8 15.f4 f6 16.Nef3 Qe7
17.h4 N8a7 18.Nc4 Nc8 19.f5 Bh6 20.Qb3 Kg7 21.Rc2 b5 22.Na5 Nxa5 23.bxa5 Nd6
24.fxg6 hxg6 25.Bc1 Rac8 26.Bxh6+ Kxh6 27.Rfc1 Rxc2 28.Rxc2 Be6 29.Qb4 Rc8
30.Rf2 Kg7 31.Kh2 Rc7 32.Bh3 Bxh3 33.Kxh3 Rc3 34.h5 Rxd3 35.Kg2 Qd7 36.hxg6
Nxe4 37.Re2 Nc3 38.Rf2 Qb7 39.g4 Nd1 {#R} 0-1

[Event "5th Cesme Open 2017"]
[Site "Cesme TUR"]
[Date "2017.06.14"]
[Round "4.11"]
[White "Chighladze,I"]
[Black "Khamrakulov,D"]
[Result "0-1"]
[WhiteElo "2326"]
[BlackElo "2478"]

1.d4 Nf6 2.c4 e6 3.Nc3 Bb4 4.Qc2 d5 5.cxd5 exd5 6.Bg5 h6 7.Bxf6 Qxf6 8.a3
Bxc3+ 9.Qxc3 O-O 10.e3 Bf5 11.Ne2 c6 12.Ng3 Bg6 13.Be2 Nd7 14.Rc1 Qe6 15.O-O
f5 16.b4 a6 17.a4 Nb6 18.Ra1 f4 19.exf4 Rxf4 20.b5 Nc4 21.Rae1 Qd6 22.Bxc4
dxc4 23.Qxc4+ Bf7 24.Qc1 axb5 25.axb5 cxb5 26.Ne4 Qb8 27.Re3 Rh4 28.h3 Ra4
29.Qc5 Rh5 30.Qe7 Qf8 31.Qxb7 Rxd4 32.Rfe1 Rf5 33.Qb6 Rdd5 34.Ra1 b4 35.Qc6
Rd8 36.Rc1 b3 37.Ng3 Rxf2 38.Kxf2 Bd5+ 39.Rf3 Bxc6 40.Rxf8+ Rxf8+ 41.Ke2 Bxg2
42.Rb1 Rf3 43.Nh5 Rxh3 44.Nf4 Be4 {#R} 0-1

[Event "5th Cesme Open 2017"]
[Site "Cesme TUR"]
[Date "2017.06.14"]
[Round "4.13"]
[White "Haznedaroglu,K"]
[Black "Abdullayev,A"]
[Result "1-0"]
[WhiteElo "2501"]
[BlackElo "2006"]

1.d4 Nf6 2.c4 c5 3.d5 b5 4.Qc2 e6 5.e4 exd5 6.cxd5 Qe7 7.Bxb5 Qxe4+ 8.Qxe4+
Nxe4 9.Ne2 Bd6 10.Nbc3 Nxc3 11.Nxc3 O-O 12.Be3 Re8 13.O-O-O Ba6 14.Rhe1 Rc8
15.Kb1 c4 16.Ba4 Bb4 17.Bd4 Bb7 18.Re3 Na6 19.Rg3 Bf8 20.Ne4 Kh8 21.Nd6 Bxd5
22.Nxc8 Rxc8 23.Bxg7+ Bxg7 24.Rxd5 Nc5 25.Bxd7 Nxd7 26.Rxd7 Rb8 27.b3 c3
28.Rxf7 Be5 29.f4 Bd4 30.Rd3 Kg8 31.Rd7 Bf6 32.R3d6 Bg7 33.Rd8+ {#r} 1-0

[Event "5th Cesme Open 2017"]
[Site "Cesme TUR"]
[Date "2017.06.14"]
[Round "5.3"]
[White "Solodovnichenko,Y"]
[Black "Sadikhov,U"]
[Result "0-1"]
[WhiteElo "2583"]
[BlackElo "2483"]

1.e4 d6 2.d4 Nf6 3.Nc3 e5 4.Nf3 Nbd7 5.Bc4 Be7 6.a4 a5 7.Bxf7+ Kxf7 8.Ng5+ Kg8
9.Ne6 Qe8 10.Nxc7 Qg6 11.Nxa8 Qxg2 12.Rf1 exd4 13.Qxd4 Ne5 14.f4 Nfg4 15.Qd5+
Nf7 16.Qc4 Bh4+ 17.Kd1 Be6 18.Qe2 Nf2+ 19.Rxf2 Bxf2 20.f5 Qg1+ 21.Kd2 Ne5
22.fxe6 Be1+ 23.Qxe1 Nf3+ 24.Ke2 Nxe1 25.Bf4 Qg4+ 26.Kxe1 Qxf4 27.Nc7 Qe3+
28.Kf1 h5 29.Rd1 Rh6 30.N3d5 Qf3+ 31.Ke1 Qxe4+ 32.Kf2 Qxc2+ 33.Ke1 Qe4+ 34.Kf2
Qh4+ 35.Ke3 Qh3+ 36.Kd2 Rxe6 {#R} 0-1

[Event "5th Cesme Open 2017"]
[Site "Cesme TUR"]
[Date "2017.06.14"]
[Round "5.6"]
[White "Arat,Uf"]
[Black "Rasulov,Vu"]
[Result "0-1"]
[WhiteElo "2398"]
[BlackElo "2508"]

1.d4 Nf6 2.c4 e6 3.g3 d5 4.Nf3 Bb4+ 5.Bd2 Be7 6.Bg2 O-O 7.O-O dxc4 8.Qa4 a6
9.Qxc4 b5 10.Qc2 Bb7 11.Rc1 Bd6 12.a3 Nbd7 13.Ba5 Qe7 14.b4 Rac8 15.Nbd2 Rfe8
16.Nh4 Bxg2 17.Kxg2 e5 18.Nf5 Qe6 19.e4 g6 20.Nxd6 cxd6 21.Qxc8 Rxc8 22.Rxc8+
Kg7 23.d5 Nxd5 24.Rac1 Ne7 25.Ra8 d5 26.Rc7 dxe4 27.Rd8 Nf6 28.Nf1 Nc6 29.Rd2
Nd5 30.Rxd5 Qxd5 31.Ne3 Qe6 32.Bb6 Nxb4 33.Bc5 Nd5 {#R} 0-1

[Event "5th Cesme Open 2017"]
[Site "Cesme TUR"]
[Date "2017.06.14"]
[Round "5.8"]
[White "Quparadze,G"]
[Black "Uzunoglu,E"]
[Result "1-0"]
[WhiteElo "2509"]
[BlackElo "2060"]

1.e4 c5 2.Nf3 d6 3.d4 Nf6 4.Nc3 cxd4 5.Nxd4 g6 6.Be3 Bg7 7.f3 O-O 8.Qd2 Nc6
9.Bc4 Bd7 10.h4 Ne5 11.Bb3 Qa5 12.O-O-O Rfc8 13.Kb1 Nc4 14.Bxc4 Rxc4 15.Nb3
Qc7 16.Bg5 Be6 17.h5 a5 18.hxg6 hxg6 19.Bh6 Bh8 20.g4 Rxc3 21.Qxc3 Qxc3
22.bxc3 Nd7 23.Bg5 Nb6 24.Bxe7 Na4 25.Rxh8+ {#r} 1-0

[Event "5th Cesme Open 2017"]
[Site "Cesme TUR"]
[Date "2017.06.14"]
[Round "5.9"]
[White "Maghalashvili,Da"]
[Black "Ainutdinov,A"]
[Result "1-0"]
[WhiteElo "2490"]
[BlackElo "2007"]

1.Nf3 Nf6 2.c4 g6 3.g3 Bg7 4.Bg2 d5 5.cxd5 Nxd5 6.O-O O-O 7.d4 Nc6 8.Nc3 Nb6
9.e3 Re8 10.Re1 e5 11.d5 Na5 12.e4 Nac4 13.b3 Nd6 14.a4 a5 15.Be3 Nd7 16.Rc1
Nb8 17.Nb5 Na6 18.Nd2 Nxb5 19.axb5 Nb4 20.Nc4 Bf8 21.f4 f6 22.fxe5 fxe5 23.Rf1
Bd7 24.b6 c6 25.Qf3 Qe7 26.d6 Qg7 27.Bg5 Be6 28.Bf6 Qd7 29.Nxe5 Qxd6 30.Rfd1
Qb8 31.Nd7 Qc8 32.Bb2 Bg7 33.Bxg7 Kxg7 34.Qf6+ Kg8 35.Nc5 Bg4 36.Bf1 {#r} 1-0

[Event "5th Cesme Open 2017"]
[Site "Cesme TUR"]
[Date "2017.06.14"]
[Round "5.11"]
[White "Seyhanoglu,D"]
[Black "Guseynov,A"]
[Result "0-1"]
[WhiteElo "2043"]
[BlackElo "2346"]

1.c4 g6 2.g3 Bg7 3.Bg2 c5 4.e3 Nc6 5.Ne2 e5 6.Nbc3 Nge7 7.O-O O-O 8.a3 a5
9.Nd5 d6 10.Nec3 Nxd5 11.Nxd5 Be6 12.d3 Ne7 13.Rb1 Nxd5 14.cxd5 Bd7 15.b4 cxb4
16.axb4 a4 17.b5 a3 18.Qb3 a2 19.Ra1 Qa5 20.b6 Rfc8 21.Bb2 Qb5 22.Qxb5 Bxb5
23.Rfc1 Rxc1+ 24.Rxc1 Bxd3 25.e4 Bh6 26.Rd1 Bc2 27.Rf1 Ra6 {#R} 0-1

[Event "5th Cesme Open 2017"]
[Site "Cesme TUR"]
[Date "2017.06.14"]
[Round "5.16"]
[White "Malakhatko,V"]
[Black "Sahin,Doga Boran"]
[Result "1-0"]
[WhiteElo "2518"]
[BlackElo "2072"]

1.c4 c6 2.e4 d5 3.exd5 cxd5 4.cxd5 Nf6 5.Qa4+ Nbd7 6.Nc3 g6 7.Nf3 Bg7 8.Bc4
O-O 9.d3 Nb6 10.Qb3 Bg4 11.Ng5 Nxc4 12.dxc4 Qc7 13.Nb5 Qc8 14.h3 Bf5 15.Be3 h6
16.Nf3 a6 17.Nbd4 Be4 18.Rc1 Nd7 19.O-O Nc5 20.Qa3 e5 21.Nc6 bxc6 22.Bxc5 Re8
23.d6 Bf5 24.Rfe1 e4 25.Nd4 Bd7 26.Ne2 f5 27.Bd4 Bxd4 28.Nxd4 f4 29.Qc3 c5
30.Nb3 Qc6 31.Rcd1 Re6 32.Rd5 Rxd6 33.Rxc5 {#r} 1-0

[Event "5th Cesme Open 2017"]
[Site "Cesme TUR"]
[Date "2017.06.15"]
[Round "6.1"]
[White "Sumets,A"]
[Black "Sadikhov,U"]
[Result "1-0"]
[WhiteElo "2560"]
[BlackElo "2483"]

1.d4 Nf6 2.c4 g6 3.Nc3 Bg7 4.e4 d6 5.Nf3 O-O 6.Be2 e5 7.O-O exd4 8.Nxd4 Re8
9.f3 c6 10.Kh1 Nh5 11.g4 Nf6 12.Bf4 h5 13.Nf5 gxf5 14.gxf5 Nh7 15.Rg1 Kh8
16.Bxd6 Bf8 17.c5 Nd7 18.f4 Bxd6 19.cxd6 Ndf6 20.Qd3 Bxf5 21.exf5 Qb6 22.Qc4
Rf8 23.Rad1 Rae8 24.b4 Re3 25.Rg2 h4 26.Na4 Qd8 27.Nc5 b6 28.Nd3 h3 29.Rg3 Re4
30.Qc2 Qxd6 31.Ne5 Rd4 32.Rxh3 Rxd1+ 33.Qxd1 Qxb4 34.Bc4 Qe7 35.Bxf7 {#r} 1-0

[Event "5th Cesme Open 2017"]
[Site "Cesme TUR"]
[Date "2017.06.15"]
[Round "6.2"]
[White "Rasulov,Vu"]
[Black "Drazic,S"]
[Result "1-0"]
[WhiteElo "2508"]
[BlackElo "2426"]

1.d4 d5 2.Nf3 c6 3.c4 Nf6 4.Qc2 g6 5.Bf4 Bg7 6.e3 O-O 7.Nc3 Ne4 8.Bd3 Nxc3
9.bxc3 c5 10.cxd5 Qxd5 11.O-O Nc6 12.Rab1 Bg4 13.Be4 Qd7 14.dxc5 Rfd8 15.Rfd1
Qc8 16.h3 Rxd1+ 17.Qxd1 Be6 18.Qa4 Bxc3 19.Ng5 Bf6 20.Nxe6 Qxe6 21.Rxb7 Nd4
22.Bd3 g5 23.Rb8+ Rxb8 24.Bxb8 Nc6 25.Bg3 Ne5 26.Bf1 h5 27.Qe4 h4 28.Bh2 Kg7
29.a4 a5 30.g4 hxg3 31.Bxg3 Kf8 32.Kg2 Qc6 33.Qxc6 Nxc6 34.Bb5 Na7 35.Bc7 Bc3
36.Bd7 e6 37.Bd6+ {#r} 1-0

[Event "5th Cesme Open 2017"]
[Site "Cesme TUR"]
[Date "2017.06.15"]
[Round "6.9"]
[White "Rahmanov,S"]
[Black "Solodovnichenko,Y"]
[Result "0-1"]
[WhiteElo "2353"]
[BlackElo "2583"]

1.d4 d5 2.c4 e6 3.Nc3 c6 4.Nf3 dxc4 5.g3 b5 6.Bg2 Bb7 7.O-O Nf6 8.Qc2 Be7 9.e4
O-O 10.Be3 Nbd7 11.Rad1 Qa5 12.a3 Rfe8 13.h3 Rad8 14.e5 Nd5 15.Nxd5 cxd5
16.Ng5 Nf8 17.f4 Bc8 18.g4 f6 19.f5 exf5 20.gxf5 fxg5 21.f6 gxf6 22.exf6 Bxf6
23.Rxf6 Rxe3 24.Qf2 Ree8 25.Rf1 Be6 26.Qe3 Qc7 27.h4 Qg7 28.Qg3 gxh4 29.Qxh4
Kh8 30.Kh1 Bg8 31.R6f5 Ng6 32.Qg5 Qxd4 33.Bh3 Qh4 {#R} 0-1

[Event "5th Cesme Open 2017"]
[Site "Cesme TUR"]
[Date "2017.06.15"]
[Round "6.10"]
[White "Gokerkan,Cem Kaan"]
[Black "Malakhatko,V"]
[Result "1-0"]
[WhiteElo "2333"]
[BlackElo "2518"]

1.e4 c5 2.Nf3 Nc6 3.Nc3 e6 4.d4 cxd4 5.Nxd4 Qc7 6.Be3 a6 7.Qf3 Bd6 8.O-O-O Be5
9.g3 Nf6 10.Qe2 O-O 11.f4 Bxd4 12.Bxd4 Nxd4 13.Rxd4 e5 14.Rd2 exf4 15.e5 f3
16.Qxf3 Qxe5 17.Bc4 Rb8 18.Nd5 Ne4 19.Re2 Qg5+ 20.Re3 b5 21.h4 Qd8 22.Bd3 f5
23.Rxe4 fxe4 24.Qxe4 g6 25.Ne7+ Kg7 26.Qe5+ Rf6 27.Qxb8 Qxe7 28.Qxc8 {#r} 1-0

[Event "5th Cesme Open 2017"]
[Site "Cesme TUR"]
[Date "2017.06.15"]
[Round "6.11"]
[White "Haznedaroglu,K"]
[Black "Marholev,D"]
[Result "1-0"]
[WhiteElo "2501"]
[BlackElo "2182"]

1.d4 Nc6 2.Nf3 d6 3.e4 e5 4.Bb5 exd4 5.Nxd4 Bd7 6.O-O g6 7.Nc3 Bg7 8.Bxc6 bxc6
9.Re1 Ne7 10.Bf4 c5 11.Nf3 Bc6 12.e5 d5 13.Bg5 d4 14.Ne4 Bxe4 15.Rxe4 O-O
16.Qd3 Qd7 17.Bxe7 Qxe7 18.Rae1 Rab8 19.b3 a5 20.a4 Rfd8 21.Nd2 Bh6 22.Nc4 Ra8
23.Qh3 Bg7 24.Qd3 Qe6 25.R4e2 Bh6 26.g3 Bg5 27.Qe4 c6 28.Rd1 Re8 29.Nd6 Red8
30.Qxc6 Be7 31.Rde1 d3 32.cxd3 Qxb3 33.Re3 Kg7 34.d4 Qb4 35.dxc5 {#r} 1-0

[Event "5th Cesme Open 2017"]
[Site "Cesme TUR"]
[Date "2017.06.15"]
[Round "6.13"]
[White "Chighladze,I"]
[Black "Arat,Uf"]
[Result "1-0"]
[WhiteElo "2326"]
[BlackElo "2398"]

1.d4 Nf6 2.c4 g6 3.Nc3 Bg7 4.e4 d6 5.Nf3 O-O 6.Be2 e5 7.O-O Na6 8.Be3 Ng4
9.Bg5 Qe8 10.dxe5 dxe5 11.Nd2 h6 12.Bh4 h5 13.a3 f6 14.b4 Be6 15.h3 Nh6 16.c5
Rd8 17.Qc2 g5 18.Bg3 h4 19.Bh2 g4 20.hxg4 Nxg4 21.c6 h3 22.Bg3 Qg6 23.Bc4 Bxc4
24.Nxc4 hxg2 25.Kxg2 bxc6 26.Rad1 Rd4 27.Rxd4 exd4 28.Ne2 c5 29.f3 Ne5 30.bxc5
Qf7 31.Nxe5 fxe5 32.f4 d3 33.Qxd3 Nxc5 34.Qc2 Qe7 35.Qc4+ Rf7 36.fxe5 Ne6
37.Nc3 Rxf1 38.Kxf1 Kh7 39.Kg2 {#r} 1-0

[Event "5th Cesme Open 2017"]
[Site "Cesme TUR"]
[Date "2017.06.15"]
[Round "6.18"]
[White "Ainutdinov,A"]
[Black "Arman,D"]
[Result "0-1"]
[WhiteElo "2007"]
[BlackElo "2324"]

1.e4 c5 2.Nf3 d6 3.d4 cxd4 4.Nxd4 Nf6 5.Nc3 a6 6.Be3 e6 7.Be2 Qc7 8.O-O b5
9.a3 Bb7 10.Bd3 Nbd7 11.f4 Nc5 12.Qf3 g6 13.f5 gxf5 14.Nxf5 exf5 15.Bd4 Ncd7
16.Qxf5 Bg7 17.Qg5 Kf8 18.Rxf6 Nxf6 19.Bxf6 Qc5+ 20.Qxc5 dxc5 21.Rf1 Rg8
22.Nd5 Bxd5 23.exd5 Bxf6 24.Rxf6 Rg5 25.c4 Kg7 26.Rc6 Re8 27.Rxc5 Re3 28.Bf1
Re1 29.Kf2 Rb1 30.Bd3 Rxb2+ 31.Ke3 Rgxg2 32.d6 Kf6 33.cxb5 a5 34.Rd5 Rg8
35.Bxh7 Rb3+ 36.Kd4 Rd8 37.Bd3 a4 38.h4 Rxa3 39.h5 Ra1 40.h6 Rh1 41.b6 Rxh6
42.d7 Ke7 43.Bb5 Rxb6 44.Re5+ Re6 45.Rf5 a3 46.Kc3 Rb6 {#R} 0-1

[Event "5th Cesme Open 2017"]
[Site "Cesme TUR"]
[Date "2017.06.16"]
[Round "7.2"]
[White "Quparadze,G"]
[Black "Ulibin,M"]
[Result "1-0"]
[WhiteElo "2509"]
[BlackElo "2499"]

1.e4 e6 2.d3 d5 3.Nd2 c5 4.g3 Nc6 5.Bg2 g6 6.Nh3 Bg7 7.O-O Nge7 8.f4 e5 9.c3
O-O 10.f5 gxf5 11.Qh5 f6 12.exf5 Qe8 13.Qe2 Bxf5 14.Bxd5+ Nxd5 15.Rxf5 Qd7
16.g4 Rad8 17.Rh5 f5 18.gxf5 Rxf5 19.Ne4 Nf4 20.Bxf4 exf4 21.Qg4 Rff8 22.Qxd7
Rxd7 23.Nxc5 Rd6 24.d4 b6 25.Ne4 Rg6+ 26.Kf2 f3 27.Rg5 Re6 28.Re1 Re7 29.Rg3
Kh8 30.Rxf3 Rfe8 31.Nhg5 Nd8 32.Rfe3 Bh6 33.h4 Nf7 34.Nd6 Bxg5 35.hxg5 {#r}
1-0

[Event "5th Cesme Open 2017"]
[Site "Cesme TUR"]
[Date "2017.06.16"]
[Round "7.5"]
[White "Nevednichy,V"]
[Black "Gokerkan,Cem Kaan"]
[Result "1-0"]
[WhiteElo "2533"]
[BlackElo "2333"]

1.e4 c5 2.Be2 Nc6 3.f4 d5 4.d3 dxe4 5.dxe4 Qxd1+ 6.Bxd1 b6 7.Nf3 Bb7 8.c3 e6
9.Nbd2 Nf6 10.Bc2 Be7 11.O-O O-O 12.e5 Nd5 13.Ne4 Rad8 14.Bd2 Ba6 15.Rf2 Nc7
16.g4 Bd3 17.Bxd3 Rxd3 18.f5 Rfd8 19.f6 gxf6 20.exf6 Bf8 21.g5 Nb5 22.Re1 Nd6
23.Nxd6 Bxd6 24.Bc1 Bc7 25.Kg2 R8d5 26.h4 Rf5 27.Re4 Bd8 28.Bf4 Rd7 29.Kg3
Rfd5 30.Kg4 Bc7 31.Bxc7 Rxc7 32.b4 h6 33.b5 Nb8 34.Ne5 Nd7 35.Nc6 Rd1 36.Kh5
hxg5 37.Rg4 Kf8 38.hxg5 a6 39.a4 axb5 40.axb5 Rc8 41.Ra4 Rd5 42.c4 Rd1 43.Ra7
Ke8 44.Kg4 Rh1 45.Rd2 Rg1+ 46.Kf4 Rf1+ 47.Ke3 Nxf6 48.gxf6 Rxf6 49.Rh2 {#r}
1-0

[Event "5th Cesme Open 2017"]
[Site "Cesme TUR"]
[Date "2017.06.16"]
[Round "7.6"]
[White "Drazic,S"]
[Black "Shanava,K"]
[Result "0-1"]
[WhiteElo "2426"]
[BlackElo "2516"]

1.e4 c5 2.c3 Nf6 3.e5 Nd5 4.Nf3 Nc6 5.Bc4 Nb6 6.Be2 d5 7.exd6 Qxd6 8.d4 cxd4
9.cxd4 Bg4 10.Nc3 e6 11.h3 Bxf3 12.Bxf3 Rd8 13.O-O Be7 14.Be3 O-O 15.Qb3 Nxd4
16.Bxd4 Qxd4 17.Nb5 Qf4 18.Nxa7 Nc4 19.g3 Qf6 20.Qxc4 Qxf3 21.Rae1 Rd2 22.Re3
Qf5 23.Nc8 Bc5 24.b4 Rxc8 25.g4 Qg5 26.bxc5 Rxc5 27.Qa4 Qd8 28.Rb3 Rc7 29.Qe4
Qc8 30.Rfb1 Rd5 31.Rb6 h5 32.Kg2 hxg4 33.hxg4 Rc4 34.Qf3 Rdd4 35.Rxb7 Rxg4+
36.Kh3 Rh4+ 37.Kg3 Kh7 38.Rxf7 Qd8 39.Rb5 Qd6+ 40.Kg2 Rh2+ {#R} 0-1

[Event "5th Cesme Open 2017"]
[Site "Cesme TUR"]
[Date "2017.06.16"]
[Round "7.7"]
[White "Gleizerov,E"]
[Black "Lomsadze,D"]
[Result "1-0"]
[WhiteElo "2507"]
[BlackElo "2341"]

1.d4 Nf6 2.c4 c5 3.d5 e5 4.Nc3 d6 5.e4 Nbd7 6.g3 h5 7.Nf3 a6 8.a4 Be7 9.Bh3
Nh7 10.Qe2 Ng5 11.Nxg5 Bxg5 12.f4 exf4 13.gxf4 Bh4+ 14.Kd1 Bf6 15.Bd2 Bd4
16.Kc2 Qh4 17.Qg2 Rh6 18.Bxd7+ Bxd7 19.f5 Rh7 20.Bg5 Qg4 21.Qd2 h4 22.h3 Qf3
23.Qf4 Qg2+ 24.Kb3 Be5 25.Qe3 Qg3 26.Qd2 f6 27.Rag1 Qf3 28.Rf1 Qh5 29.Bf4
O-O-O 30.Bxe5 fxe5 31.Rhg1 Rf8 32.Rg6 Rf6 33.Rfg1 Rxg6 34.Rxg6 Kc7 35.Qg2 Be8
36.Rxg7+ Bf7 37.Rxh7 Qxh7 38.Qg5 Kd7 39.a5 Bh5 40.Qf6 Kc7 41.Kc2 Bf3 42.Qg6
Qh5 43.Qg7+ Kc8 44.f6 {#r} 1-0

[Event "5th Cesme Open 2017"]
[Site "Cesme TUR"]
[Date "2017.06.16"]
[Round "7.9"]
[White "Maghalashvili,Da"]
[Black "Chighladze,I"]
[Result "1-0"]
[WhiteElo "2490"]
[BlackElo "2326"]

1.d4 d5 2.c4 e6 3.Nc3 Nf6 4.Nf3 Be7 5.Bg5 h6 6.Bh4 O-O 7.e3 Ne4 8.Bxe7 Qxe7
9.Rc1 c6 10.Be2 Nd7 11.O-O Nxc3 12.Rxc3 dxc4 13.Bxc4 e5 14.Bb3 Rd8 15.Re1 exd4
16.exd4 Qd6 17.Nh4 Nf8 18.Qh5 Be6 19.Rg3 Re8 20.Rxg7+ Kxg7 21.Nf5+ {#r} 1-0

[Event "5th Cesme Open 2017"]
[Site "Cesme TUR"]
[Date "2017.06.16"]
[Round "7.10"]
[White "Bashirli,Nail"]
[Black "Sevgi,V"]
[Result "1-0"]
[WhiteElo "2345"]
[BlackElo "2192"]

1.e4 c6 2.d4 d5 3.Nc3 dxe4 4.Nxe4 Bf5 5.Ng3 Bg6 6.h4 h6 7.Nf3 Nd7 8.h5 Bh7
9.Bd3 Bxd3 10.Qxd3 e6 11.Bd2 Ngf6 12.O-O-O Qc7 13.Ne4 Be7 14.Kb1 b5 15.Nxf6+
gxf6 16.c4 bxc4 17.Qxc4 Nb6 18.Qa6 Qc8 19.Qd3 Qd7 20.Rc1 c5 21.Qe4 c4 22.Rxc4
f5 23.Qc6 Nxc4 24.Qxa8+ Bd8 25.Bc3 O-O 26.Qb8 Ba5 27.Qg3+ Kh7 28.Bxa5 Nxa5
29.Rc1 Qb5 30.Ne5 Rb8 31.b3 Qd5 32.Nd7 Qe4+ 33.Rc2 Qe1+ 34.Kb2 Nc4+ 35.Rxc4
Qd2+ 36.Kb1 Qe1+ 37.Rc1 Qe4+ 38.Rc2 {#r} 1-0

[Event "5th Cesme Open 2017"]
[Site "Cesme TUR"]
[Date "2017.06.16"]
[Round "7.11"]
[White "Arman,D"]
[Black "Benidze,D"]
[Result "0-1"]
[WhiteElo "2324"]
[BlackElo "2525"]

1.e4 g6 2.d4 Bg7 3.Nf3 c6 4.h3 d5 5.Nc3 Nh6 6.Bd3 f6 7.Qe2 Nf7 8.Bf4 O-O 9.O-O
e5 10.dxe5 fxe5 11.Bg3 d4 12.Nb1 Be6 13.Nbd2 Nd7 14.Bc4 Qe7 15.Ne1 Nd6
16.Bxe6+ Qxe6 17.Qg4 Qxg4 18.hxg4 c5 19.Nef3 Rfe8 20.Rfe1 Rac8 21.Re2 Rc6
22.c3 dxc3 23.bxc3 c4 24.Rd1 Nc5 25.Rc1 b5 26.Ne1 Bh6 27.f3 Nd3 28.Rb1 b4
29.Nf1 Nb5 30.Rc2 Na3 31.cxb4 Nxe1 32.Ra1 {#R} 0-1

[Event "5th Cesme Open 2017"]
[Site "Cesme TUR"]
[Date "2017.06.17"]
[Round "8.6"]
[White "Benidze,D"]
[Black "Khamrakulov,D"]
[Result "1-0"]
[WhiteElo "2525"]
[BlackElo "2478"]

1.d4 d5 2.c4 dxc4 3.Nf3 Nf6 4.Nc3 c6 5.a4 Bf5 6.e3 e6 7.Bxc4 Nbd7 8.O-O Be7
9.Qe2 O-O 10.e4 Bg4 11.Rd1 Qa5 12.h3 Bxf3 13.Qxf3 e5 14.d5 Nb6 15.d6 Bxd6
16.Rxd6 Ne8 17.b4 Qxb4 18.Ba3 Qxc4 19.Rdd1 c5 20.Rac1 f6 21.Nd5 Qxa4 22.Bxc5
Nxd5 23.Bxf8 Nf4 24.Bc5 b6 25.Be3 Ne6 26.Qe2 Kf7 27.Rc4 Qb5 28.Qa2 Kg6 29.Rd5
Nc5 30.Bxc5 bxc5 31.Rcxc5 Qb6 32.Rc3 h6 33.Rd7 Rd8 34.Rg3+ Kh7 35.Qf7 {#r} 1-0

[Event "5th Cesme Open 2017"]
[Site "Cesme TUR"]
[Date "2017.06.17"]
[Round "8.8"]
[White "Ulibin,M"]
[Black "Ozen,Bahadir"]
[Result "1-0"]
[WhiteElo "2499"]
[BlackElo "2332"]

1.d4 d6 2.Nf3 g6 3.e4 Bg7 4.c3 Nf6 5.Bd3 O-O 6.O-O Nc6 7.Bg5 h6 8.Bh4 e5
9.Nbd2 Qe8 10.dxe5 dxe5 11.Re1 Nh5 12.b4 f6 13.Nf1 Nd8 14.Ne3 Nf7 15.Bg3 c6
16.Nh4 Nf4 17.Bxf4 exf4 18.Nxg6 fxe3 19.Rxe3 Ne5 20.Nxf8 Qxf8 21.Bc2 f5
22.Bb3+ Kh7 23.exf5 Bxf5 24.Qe2 Qf6 25.Re1 Ng6 26.g3 Qg5 27.Re8 Rxe8 28.Qxe8
h5 29.Qf7 Kh6 30.Re3 Ne5 31.Qxb7 Nf3+ 32.Rxf3 Qc1+ 33.Kg2 Be4 34.Qf7 Bxf3+
35.Qxf3 Qxc3 36.Qxc3 Bxc3 37.Ba4 Bxb4 38.Bxc6 h4 39.f4 hxg3 40.hxg3 a5 41.Kf3
Kg6 42.g4 Bd2 43.a4 Bc1 44.g5 Ba3 45.Kg4 Be7 46.f5+ Kg7 47.f6+ {#r} 1-0

[Event "5th Cesme Open 2017"]
[Site "Cesme TUR"]
[Date "2017.06.17"]
[Round "8.9"]
[White "Sadikhov,U"]
[Black "Bashirli,Nail"]
[Result "1-0"]
[WhiteElo "2483"]
[BlackElo "2345"]

1.e4 Nf6 2.e5 Nd5 3.d4 d6 4.c4 Nb6 5.exd6 cxd6 6.Nc3 g6 7.Be3 Bg7 8.Rc1 O-O
9.h3 d5 10.c5 Nc4 11.Bxc4 dxc4 12.Nge2 Bf5 13.b3 cxb3 14.axb3 Nc6 15.O-O Nb4
16.Qd2 b6 17.g4 Be6 18.Nf4 bxc5 19.d5 Bd7 20.Bxc5 a5 21.Ne4 Re8 22.Rfe1 Qb8
23.d6 e5 24.Bxb4 exf4 25.Bc3 Qxb3 26.Bxg7 Qxh3 27.Nf6+ Kxg7 28.Qd4 Rxe1+
29.Rxe1 Bc6 30.Nh5+ Kh6 31.Qxf4+ {#r} 1-0